Подробности
| 000 -МАРКЕР |
| контрольное поле |
02028nam0a2200349 4500 |
| 001 - ИДЕНТИФИКАТОР ЗАПИСИ |
| контрольное поле |
RU\NLR\bibl\8074 |
| 005 - ИДЕНТИФИКАТОР ВЕРСИИ |
| контрольное поле |
20260407013748.0 |
| 010 ## - МЕЖДУНАРОДНЫЙ СТАНДАРТНЫЙ НОМЕР КНИГИ (ISBN) |
| Номер (ISBN) |
5-279-01872-4 |
| Тираж |
3000 |
| 021 ## - НОМЕР ГОСУДАРСТВЕННОЙ РЕГИСТРАЦИИ |
| Код страны |
российская федерация |
| Номер |
98-8511 |
| Номер Листа государственной регистраци |
400 |
| 035 ## - ДРУГИЕ СИСТЕМНЫЕ НОМЕРА |
| Идентификатор записи |
(NLR Aleph) 000007883 |
| 100 ## - ДАННЫЕ ОБЩЕЙ ОБРАБОТКИ |
| Данные общей обработки |
19981119d1997 |||y0rusy50 ca |
| 101 1# - ЯЗЫК РЕСУРСА |
| Язык текста, звукозаписи и т.д. |
русский |
| Язык оригинала |
английский |
| 102 ## - СТРАНА ПУБЛИКАЦИИ ИЛИ ПРОИЗВОДСТВА |
| Страна публикации |
российская федерация |
| 105 ## - ПОЛЕ КОДИРОВАННЫХ ДАННЫХ: ТЕКСТОВЫЕ МАТЕРИАЛЫ, МОНОГРАФИЧЕСКИЕ |
| Кодированные данные о монографическом текстовом документе |
y ||||||||| |
| 200 1# - ЗАГЛАВИЕ И СВЕДЕНИЯ ОБ ОТВЕТСТВЕННОСТИ |
| Основное заглавие |
Экологический учет для предприятий |
| Параллельное заглавие |
Environmental accounting for enterprises |
| Сведения, относящиеся к заглавию |
[Сб. докл. |
| -- |
Пер. с англ.] |
| Первые сведения об ответственности |
Конф. ООН по торговле и развитию, Межправитеств. рабочая группа экспертов по междунар. стандартам учета и отчетности |
| Язык параллельного заглавия |
английский |
| 210 ## - ПУБЛИКАЦИЯ, РАСПРОСТРАНЕНИЕ И ДР. |
| Место издания, распространения и т.д. |
М. |
| Имя издателя, распространителя и т. д. |
Финансы и статистика |
| Дата издания, распространения и т.д. |
1997 |
| 215 ## - ФИЗИЧЕСКАЯ ХАРАКТЕРИСТИКА |
| Специфическое обозначение материала и объем |
198 с. |
| Другие сведения о физической характеристике |
ил. |
| Размеры |
28 |
| 320 ## - ПРИМЕЧАНИЯ О НАЛИЧИИ В ДОКУМЕНТЕ БИБЛИОГРАФИИ / УКАЗАТЕЛЯ |
| Текст примечания |
Библиогр.: с. 192 |
| 510 0# - ПАРАЛЛЕЛЬНОЕ ЗАГЛАВИЕ |
| Параллельное заглавие |
Environmental accounting for enterprises |
| Язык заглавия |
английский |
| 606 0# - НАИМЕНОВАНИЕ ТЕМЫ КАК ПРЕДМЕТ |
| Наименование темы |
Экологический учет |
| Формальный подзаголовок |
Нормативные и руководящие материалы |
| Системный номер авторитетной/нормативной записи |
2086768 |
| Идентификатор авторитетной/нормативной записи |
RU\NLR\auth\661262913 |
| 606 0# - НАИМЕНОВАНИЕ ТЕМЫ КАК ПРЕДМЕТ |
| Наименование темы |
Экологический учет |
| Формальный подзаголовок |
Нормативные документы |
| Системный номер авторитетной/нормативной записи |
2086768 |
| Идентификатор авторитетной/нормативной записи |
RU\NLR\auth\661262913 |
| 606 0# - НАИМЕНОВАНИЕ ТЕМЫ КАК ПРЕДМЕТ |
| Наименование темы |
Окружающая среда |
| Формальный подзаголовок |
Нормативные и руководящие материалы |
| Тематический подзаголовок |
Охрана |
| -- |
Экологические исследования |
| Системный номер авторитетной/нормативной записи |
1783260 |
| Идентификатор авторитетной/нормативной записи |
RU\NLR\auth\66801789 |
| 606 0# - НАИМЕНОВАНИЕ ТЕМЫ КАК ПРЕДМЕТ |
| Наименование темы |
Окружающая среда |
| Формальный подзаголовок |
Нормативные документы |
| Тематический подзаголовок |
Охрана |
| -- |
Экологические исследования |
| Системный номер авторитетной/нормативной записи |
1783260 |
| Идентификатор авторитетной/нормативной записи |
RU\NLR\auth\66801789 |
| 686 ## - ИНДЕКСЫ ДРУГИХ КЛАССИФИКАЦИЙ |
| Индекс |
У052.02-15я8 |
| 712 02 - НАИМЕНОВАНИЕ ОРГАНИЗАЦИИ - ВТОРИЧНАЯ ОТВЕТСТВЕННОСТЬ |
| Код отношения |
Прочие |
| Начальный элемент ввода |
ООН |
| Структурное подразделение |
Конференция по торговле и развитию |
| -- |
Сессия |
| Дата проведения временной организации |
1991 |
| Место проведения временной организации |
Женева |
| Идентификатор авторитетной/нормативной записи |
RU\NLR\AUTH\8810001861 |
| Системный номер авторитетной/нормативной записи |
500915 |
| 801 #0 - ИСТОЧНИК ЗАПИСИ |
| Страна |
российская федерация |
| Организация |
NLR |
| Дата составления |
19981119 |
| Правила каталогизации |
PSBO |
| 801 #1 - ИСТОЧНИК ЗАПИСИ |
| Страна |
российская федерация |
| Организация |
NLR |
| Дата составления |
19981119 |
| 852 ## - МЕСТОНАХОЖДЕНИЕ И ШИФР ХРАНЕНИЯ |
| Идентификатор организации |
NLR |
| Шифр хранения (Call Number) |
98-8/343 |
| 942 ## - ДОПОЛНИТЕЛЬНЫЕ ЭЛЕМЕНТЫ ЗАПИСИ (АБИС) |
| Тип экземпляра АБИС |
Книга |
| 980 ## - КОЛЛЕКЦИЯ |
| Название коллекции |
Национальная библиография |